000 00550nam a22001577a 4500
008 160628b xxu||||| |||| 00| 0 eng d
020 _a1517529956
040 _aKABU
_cKABU
050 _aML1015
_b.D67 2015 c. 1
100 _aDorris, Ryan
245 _aThe ultimate guitar beginner's guide
_bget to learn the art of playing the guitar in no time & surprise your family and friends
_cRyan Dorris
260 _aSan Bernardino, CA
_b?
300 _a[iii], 50 p.
650 _aGuitar
942 _2lcc
_cBK
_hML1015 .D67 2015 c. 1
999 _c16020
_d16020